| Tag |
First Indicator |
Second Indicator |
Subfields |
| LEADER |
00000cam a2200000 4500 |
| 001 |
in00000057911 |
| 005 |
20151008050945.0 |
| 008 |
770630s1949 xx 00000 eng |
| 010 |
|
|
|a 49048917
|
| 035 |
|
|
|a (OCoLC)03085986
|
| 035 |
|
|
|9 AAG4566AM
|
| 040 |
|
|
|a DLC
|c OCP
|d TXA
|d UtOrBLW
|
| 049 |
|
|
|a TXAM
|c [177451]
|
| 050 |
0 |
0 |
|a BR146
|b .G8
|
| 082 |
0 |
|
|a 270
|
| 092 |
|
|
|a 270
|b G986
|
| 100 |
1 |
|
|a Guy, Harold A.
|
| 245 |
1 |
0 |
|a Landmarks in the story of Christianity.
|
| 264 |
|
1 |
|a London :
|b Macmillan,
|c 1949.
|
| 300 |
|
|
|a vii, 167 pages :
|b maps. ;
|c 19 cm.
|
| 336 |
|
|
|a text
|b txt
|2 rdacontent
|
| 337 |
|
|
|a unmediated
|b n
|2 rdamedia
|
| 338 |
|
|
|a volume
|b nc
|2 rdacarrier
|
| 650 |
|
0 |
|a Church history.
|
| 999 |
|
|
|a MARS
|
| 999 |
f |
f |
|s b6d6374f-84f9-35af-b604-9152d81112a3
|i ae893e89-3fc8-365e-8ae3-096b6fb59db1
|t 0
|
| 952 |
f |
f |
|p ric
|a Texas A&M University
|b Rellis Campus
|c Joint Library Facility
|d Remote Storage
|t 0
|e BR146 .G8
|h Library of Congress classification
|i unmediated -- volume
|m A14800617430
|
| 998 |
f |
f |
|a BR146 .G8
|t 0
|l Remote Storage
|